000 00516nam a22001817a 4500
005 20260515115037.0
008 240913b |||||||| |||| 00| 0 eng d
020 _a9789364401807
040 _aIN-DiNC
_cIN-DiNC
041 _deng
082 _a651.7
_bKUM
100 _aKumar, Varinder
_eauthor
245 _aCommunicative English:
_bbusiness communication (AEC)/
_cby Varinder Kumar
260 _aLudhiana:
_bKalyani publishers,
_c2024.
300 _a267p.
650 _aBasics of communication
942 _2ddc
_cBK
999 _c11927
_d11927